Minecraft Craftable Items - Sudden Death - Statistics

General Stats
  • This quiz has been taken 1,351 times
    763 since last reset
  • The average score is 9 of 15
Answers on the Grid
Answers color-coded by a green-red scale on the quiz's grid according to % correct below.
Diamond Horse Armour
End Crystal
Crying Obsidian
Magenta Dye
Crafting Table
Diamond Block
Wheat
Haybale
Bamboo Mosaic Stairs
Leather Tunic
Melon
Saddle
Blast Furnace
Black Banner
Iron Nugget
Name Tag
Creeper Block
Diamond
Diamond Ore
Ender Pearl
Pumpkin
Dragon Egg
Farmland
Cherry Leaves
Villager Spawn Egg
Potato
Skeleton Head
Bedrock
Trident
Redstone Door
 
Answer Stats
Answer % Correct
Blast Furnace
72%
Crafting Table
72%
Diamond Block
69%
Iron Nugget
69%
Haybale
66%
Magenta Dye
65%
Black Banner
61%
End Crystal
61%
Leather Tunic
61%
Bamboo Mosaic Stairs
53%
Saddle
53%
Name Tag
46%
Melon
44%
Wheat
42%
Diamond
37%
No matching quizzes found
Score Distribution
Percent of People with Each Score
Percentile by Number Answered
Your Score History
You have not taken this quiz since the last reset